000
00210 a2200109 4500
020
_a
9780740773341
041
_a
eng
100
_a
Cindy Mushet
245
_a
The art soul of baking
942
_c
BK
952
_7
1
999
_c
19445
_d
19445